Statistics for All Pokémon with Static

Click here to take the quiz!

General Stats

  • This quiz has been taken 5 times
  • The average score is 24 of 31

Answer Stats

(Avail)abilityPokémon% Correct
Only AbilityAlola Cap Pikachu
100%
First AbilityElectabuzz
100%
Second AbilityElectrode
100%
Second AbilityHisuian Electrode
100%
Second AbilityHisuian Voltorb
100%
Only AbilityHoenn Cap Pikachu
100%
Only AbilityKalos Cap Pikachu
100%
Only AbilityOriginal Cap Pikachu
100%
Only AbilityPartner Cap Pikachu
100%
First AbilityPichu
100%
First AbilityPikachu
100%
First AbilityRaichu
100%
Only AbilitySinnoh Cap Pikachu
100%
Only AbilitySpiky-Eared Pichu
100%
Only AbilityUnova Cap Pikachu
100%
Second AbilityVoltorb
100%
Only AbilityWorld Cap Pikachu
100%
Hidden AbilityZapdos
100%
First AbilityAmpharos
67%
First AbilityElectrike
67%
First AbilityElekid
67%
First AbilityEmolga
67%
First AbilityFlaaffy
67%
First AbilityManectric
67%
First AbilityMareep
67%
Second AbilityBellibolt
33%
First AbilityPawmi
33%
First AbilityStunfisk
33%
Second AbilityTadbulb
33%
Second AbilityArctozolt
0%
Second AbilityToxel
0%

Score Distribution

Percentile by Number Answered

Percent of People with Each Score

Your Score History

You have not taken this quiz